Most Overrated City in Every U.S. State - Statistics

General Stats
  • This quiz has been taken 126 times
  • The average score is 13 of 49
Answer Stats
State Overrated City % Correct
California Los Angeles
70%
Alaska Anchorage
66%
Florida Miami
66%
Oregon Portland
61%
Texas Dallas
59%
Tennessee Nashville
48%
Iowa Des Moines
47%
New York Albany
45%
Georgia Savannah
45%
Washington Seattle
45%
Nevada Reno
43%
Louisiana Baton Rouge
41%
Wyoming Jackson
41%
Missouri St. Louis
39%
Pennsylvania Pittsburgh
37%
North Carolina Charlotte
36%
Ohio Cincinnati
36%
Colorado Boulder
32%
Alabama Huntsville
31%
Connecticut New Haven
31%
New Jersey New Haven
31%
New Mexico Santa Fe
31%
Nebraska Lincoln
30%
Wisconsin Madison
29%
Kentucky Lexington
28%
North Dakota Fargo
25%
Indiana South Bend
21%
Michigan Ann Arbor
20%
Arkansas Fayetteville
20%
Minnesota Duluth
18%
New Hampshire Manchester
18%
Idaho Coeur d' Alene
16%
______ Virginia Beach
16%
Arizona Sedona
15%
Kansas Manhattan
13%
Montana Bozeman
11%
South Dakota Rapid City
11%
South Carolina Myrtle Beach
9%
Rhode Island Newport
8%
Maryland Ocean City
7%
West Virginia Morgantown
5%
Illinois Naperville
5%
Massachusetts Cape Cod
3%
Mississippi Oxford
3%
Utah St. George
3%
Hawaii Waikiki
3%
Oklahoma Stillwater
2%
Vermont Stowe
2%
Maine Kittery
1%
No matching quizzes found
Score Distribution
Percent of People with Each Score
Percentile by Number Answered
Your Score History
You have not taken this quiz